00370 a2200145 4500082001800000100002800018245002700046250001300073260003500086300001600121440004900137650001000186650001400196653001400210 a928.23bK636c aKirkpatrick, D. L., ed. aContemporary novelists a4th edn. aLondon bSt. James Pressc1986 axix, 1003p. aContemporary writers of the English language aNovel aNovelists abiography